Crítica de la época y otros ensayos / (Record no. 121816)
[ view plain ]
| 000 -LEADER | |
|---|---|
| campo de control de longitud fija | 00477nam a2200157 4500 |
| 001 - NÚMERO DE CONTROL | |
| campo de control | 121816 |
| 003 - IDENTIFICADOR DE NÚMERO DE CONTROL | |
| campo de control | ES-MaACL |
| 005 - FECHA Y HORA DE LA ÚLTIMA TRANSACCIÓN | |
| campo de control | 20230906191831.0 |
| 007 - CAMPO FIJO DE DESCRIPCIÓN FÍSICA--INFORMACIÓN GENERAL | |
| campo de control de longitud fija | t| |
| 008 - DATOS DE LONGITUD FIJA--INFORMACIÓN GENERAL | |
| campo de control de longitud fija | 070214s1965 cu r ||||1| spa d |
| 100 1# - ENTRADA PRINCIPAL--NOMBRE DE PERSONA | |
| Nombre de persona | Portuondo, José Antonio. |
| 9 (RLIN) | 93302 |
| 245 10 - MENCIÓN DEL TÍTULO | |
| Título | Crítica de la época y otros ensayos / |
| Mención de responsabilidad, etc. | José Antonio Portuondo. |
| 260 ## - PUBLICACIÓN, DISTRIBUCIÓN, ETC. | |
| Lugar de publicación, distribución, etc. | La Habana : |
| Nombre del editor, distribuidor, etc. | Universidad Central de las Villas, |
| Fecha de publicación, distribución, etc. | 1965. |
| 300 ## - DESCRIPCIÓN FÍSICA | |
| Extensión | 311 p. ; |
| Dimensiones | 21 cm. |
| 852 ## - LOCALIZACIÓN | |
| Ubicación | ES-MaACL |
| Número de control de estantería | C-28498 |
| Sublocalización o colección | R.57794 |
| Estatus retirado | Estado de pérdida | Estado de daño | No para préstamo | Biblioteca de origen | Biblioteca actual | Ubicación en estantería | Fecha de adquisición | Fuente de adquisición | Total de préstamos | Signatura topográfica completa | Código de barras | Visto por última vez | Precio de reemplazo | Tipo de ítem Koha |
|---|---|---|---|---|---|---|---|---|---|---|---|---|---|---|
| Biblioteca del Ateneo de Madrid | Biblioteca del Ateneo de Madrid | Depósito 2 | 17/01/2008 | C-28498 | 1126943 | 23/02/2023 | 23/02/2023 | Libro impreso |
